Normal view
MARC view
- Effective Project Management
Entry Topical Term
001 - CONTROL NUMBER
- control field: 112224
003 - CONTROL NUMBER IDENTIFIER
- control field: NUST
005 - DATE AND TIME OF LATEST TRANSACTION
- control field: 20230509112646.0
008 - FIXED-LENGTH DATA ELEMENTS
- fixed length control field: 230509|| aca||aabn | a|a d
040 ## - CATALOGING SOURCE
- Original cataloging agency: NUST
- Transcribing agency: NUST
150 ## - HEADING--TOPICAL TERM
- Topical term or geographic name entry element: Effective Project Management
670 ## - SOURCE DATA FOUND
- Source citation: Work cat.: (NUST): Clements, James P. 112222, Effective Project Management, 2009.
